| 000 | 00881nam a2200229Ia 4500 | ||
|---|---|---|---|
| 001 | L140-947 | ||
| 003 | IT-CnALBA | ||
| 008 | 170116s9999||||xx |||||||||||||| ||und|| | ||
| 040 |
_aIT-CnALBA _cIT-CnALBA |
||
| 041 | _aITALIANO | ||
| 100 | _aBENASSI SALVATORE | ||
| 245 | 0 | _aANTROPOGENESI. L'UOMO DERIVA DALLA SCIMMIA? | |
| 250 | _a1a ed. | ||
| 260 |
_a BOLOGNA _bA.B.E.S. EDITRICE _c1954 [1° Ed.: n.d.] |
||
| 300 | _a59 p. | ||
| 500 | _aSTORIA EVOLUZIONE. LE SCIMMIE. UOMO FIGLIO DELLA SCIMMIA. STUDIO DEI FOSSILI. ARGOMENTI. RISPOSTA DELLA FEDE. | ||
| 501 | _aSocietà San Paolo EM - Piazza San Paolo, 14 - 12051 ALBA (CN) (non commercial uses only) ® Copyright 2017 | ||
| 520 | _aSTORIA EVOLUZIONE. LE SCIMMIE. UOMO FIGLIO DELLA SCIMMIA. STUDIO DEI FOSSILI. ARGOMENTI. RISPOSTA DELLA FEDE. | ||
| 650 | _aSISTEMI FILOSOFICI | ||
| 942 | _cBK | ||
| 957 | _71 | ||
| 999 |
_a1039 _bNO _g Copie: 1 _c260176 _d260176 |
||